000 01124nmc a2200409 a 4500
003 AR-BaBNM
005 20251128210941.0
008 241120s2000 ||||||||||||||000 | spa||
020 _a987-9355-03-2
040 _cAR-BaBNM
100 1 _aOlmos, Hector Ariel
245 1 0 _aEducar en cultura
_bensayos para una acción integrada
250 _a1ª ed.
260 _aBuenos Aires
_bEdiciones CICCUS
_c2000
300 0 _a254 p.
_btablas, fot.
490 0 _aPraxis
500 0 _aContiene referencias bibliográficas
650 4 _aEDUCACION MULTICULTURAL
650 4 _aGESTION CULTURAL
650 4 _aECOLOGIA
650 4 _aCUENTOS
650 4 _aPOESIA
650 4 _aLEYENDAS
650 4 _aCOSTUMBRES Y TRADICIONES
650 4 _aINTEGRACION CULTURAL
651 4 _aCórdoba
651 4 _aRegión Noroeste
651 4 _aRegión Patagónica
651 4 _aRegión Cuyana
651 4 _aSantiago del Estero
653 0 _aEDUCACION EN LA DIVERSIDAD
653 0 _aGESTION INSTITUCIONAL
653 0 _aPROYECTOS CURRICULARES
700 1 _aSantillán Güemes, Ricardo
942 _cBK
998 _cRAQUEL
999 _c17600
_d17600